Platges de qualitat : segures i accessibles per a tothom : 2004 segures i accessibles per a tothom :
Descripción Física:
[4] p. : il. col. ; 30 cm
Materias:
Platges -- Mesures de seguretat
MARC
| LEADER | 00000nam a2200000Ia 4500 | ||
|---|---|---|---|
| 001 | 21294 | ||
| 008 | 160829s2004 xx 000 0 cat d | ||
| 080 | |a FU-36-22 | ||
| 245 | |a Platges de qualitat : |b segures i accessibles per a tothom : |b 2004 | ||
| 260 | |a Barcelona : |b Diputació de Barcelona. Direcció de Comunicació, |c 2004 | ||
| 300 | |a [4] p. : |b il. col. ; |c 30 cm | ||
| 650 | 0 | |a Platges |x Mesures de seguretat |9 45228 | |
| 710 | |a Barcelona (Catalunya : Província). |b Direcció de Comunicació |9 53855 | ||
| 901 | |a Arxiu | ||
| 942 | |n 1 | ||
| 952 | |0 0 |1 0 |4 0 |6 FU3622 |7 1 |9 52460 |a Arxiu |b Arxiu |d 2016-12-01 |l 0 |o FU-36-22 |p 21294 |r 2016-12-01 00:00:00 |w 2016-12-01 |y ARXIU | ||
| 999 | |c 56308 |d 56308 | ||